Central Library OPAC University of Rajshahi

Prophet Muhammad and his mission / (Record no. 32867)

MARC details
000 -LEADER
fixed length control field 00684nam a22002411 4500
001 - CONTROL NUMBER
control field 32867
003 - CONTROL NUMBER IDENTIFIER
rucl marc code BD-RjUL
005 - DATE AND TIME OF LATEST TRANSACTION
control field 20211209051916.0
008 - FIXED-LENGTH DATA ELEMENTS--GENERAL INFORMATION
fixed length control field 140428s1967 enk b 001 0beng
035 ## - SYSTEM CONTROL NUMBER
System control number (BD-RjUL)32957
040 ## - CATALOGING SOURCE
Original cataloging agency DLC
Transcribing agency DLC
Modifying agency BD-RjUL
Language of cataloging eng
041 ## - LANGUAGE CODE
Language code of text/sound track or separate title eng
082 00 - DEWEY DECIMAL CLASSIFICATION NUMBER
Classification number 297.63
Author mark and year HUP 1967
100 1# - MAIN ENTRY--PERSONAL NAME
Personal name Husain, Athar
Dates associated with a name 1920-
9 (RLIN) 99924
245 10 - TITLE STATEMENT
Title Prophet Muhammad and his mission /
Statement of responsibility, etc. Athar Husain
260 ## - PUBLICATION, DISTRIBUTION, ETC. (IMPRINT)
Place of publication, distribution, etc. London :
Name of publisher, distributor, etc. Asia Publishing House,
Date of publication, distribution, etc. c1967.
300 ## - PHYSICAL DESCRIPTION
Pagination xi, 214 p. ;
Size 22 cm.
504 ## - BIBLIOGRAPHY, ETC. NOTE
Bibliography, etc Include bibliography and index.
600 00 - SUBJECT ADDED ENTRY--PERSONAL NAME
Personal name Muḥammad,
Titles and other words associated with a name Prophet,
Dates associated with a name -632.
942 ## - ADDED ENTRY ELEMENTS (KOHA)
Source of classification or shelving scheme Dewey Decimal Classification
Koha item type Books
Holdings
Lost status Source of classification or shelving scheme Damaged status Not for loan Collection code Permanent Location Current Location Shelving location Date acquired Source of acquisition Total Checkouts Full call number Date last seen Copy number Koha item type Cost, normal purchase price
  Dewey Decimal Classification     Non-fiction Central Library, University of Rajshahi Central Library, University of Rajshahi   25/06/1974 India Govt., Gift   297.63 HUP 1967 28/04/2014 C-2 Books  
  Dewey Decimal Classification   Not For Loan Rare Books Central Library, University of Rajshahi Central Library, University of Rajshahi Rare Book Section 27/10/1970 Sweets & Zeitlinger   RA 297.63 HUP 1967 31/10/2018 C-1 Rare Books 28.00